000 00465nam a2200181Ia 4500
001 4169
005 20260306145736.0
008 260306t1958||||xx |||||||||||||| ||spa||
041 _aESP
082 _a307.76
_bH54 T. 3
100 _aHill, A. V.
_eAUT
245 0 _aLa metrópoli en la vida moderna :
_baspectos científicos y profesionales
260 _c1958
300 _a139 páginas :
_c20 cm.
650 _aGEN
654 _aCHU
942 _cLIB
_dJUS
_fJUS
_2ddc
_n
999 _c4169
_d4169